Fuentes para la historia de la educación en México / (Record no. 163608)

MARC details
000 -CABECERA
campo de control de longitud fija 00814nam a2200229 a 4500
005 - FECHA Y HORA DE LA ÚLTIMA TRANSACCIÓN
campo de control 20230209063753.0
008 - ELEMENTOS DE LONGITUD FIJA--INFORMACIÓN GENERAL
campo de control de longitud fija 030624s1983 mx r 000 0 spa d
020 ## - NÚMERO INTERNACIONAL NORMALIZADO PARA LIBROS
Número Internacional Estándar del Libro 9684960212
035 ## - NÚMERO DE CONTROL DEL SISTEMA
Número de control de sistema UPN01000191505
049 ## - COLECCIÓN
Colección UNE
080 #4 - NÚMERO DE CLASIFICACIÓN DECIMAL UNIVERSAL
Número de la Clasificación Decimal Universal OC 016: 37 (09)(72) GAL No. 83
100 1# - ASIENTO PRINCIPAL--NOMBRE PERSONAL
Nombre de persona Galván de Terrazas, Luz Elena
9 (RLIN) 31450
245 10 - MENCIÓN DE TÍTULO
Título Fuentes para la historia de la educación en México /
Mención de responsabilidad, etc. Luz Elena Galván, Manola Sepúlveda, Guillermo de la Peña.
260 ## - PUBLICACIÓN, DISTRIBUCIÓN, ETC.
Lugar de publicación, distribución, etc. México :
Nombre del editor, distribuidor, etc. CIESAS;
-- SEP, Cultura,
Fecha de publicación, distribución, etc. 1983.
300 ## - DESCRIPCIÓN FÍSICA
Extensión 66 p.
440 #0 - MENCIÓN DE SERIE/ASIENTO SECUNDARIO--TÍTULO
Título Cuadernos de la casa chata ;
Designación de volumen o secuencia 83.
651 #4 - ASIENTO SECUNDARIO DE MATERIA - NOMBRE GEOGRAFICO
Nombre geográfico MEXICO -
Subdivisión general CONDICIONES SOCIALES -
Subdivisión de forma COLECCIONES
690 #4 - PUNTO DE ACCESO ADICIONAL DE MATERIA LOCAL--TÉRMINO DE MATERIA (OCLC, RLIN)
Término de materia o nombre geográfico como elemento inicial Educación
Subdivisión geográfica México
Subdivisión general Historia
9 (RLIN) 187
700 1# - ASIENTO SECUNDARIO--NOMBRE DE PERSONAL
Nombre de persona Sepúlveda, Manola,
Término indicativo de función/relación coaut.
700 1# - ASIENTO SECUNDARIO--NOMBRE DE PERSONAL
Nombre de persona Peña, Guillermo de la,
Término indicativo de función/relación coaut.
9 (RLIN) 31454
905 ## - TIPO DE MATERIAL
Tipo de material Libro

No items available.